| 000 | 00502nam a22001817a 4500 | ||
|---|---|---|---|
| 003 | CEME | ||
| 005 | 20210628203941.0 | ||
| 008 | 210105b xxu||||| |||| 00| 0 eng d | ||
| 020 | _a8185749574 | ||
| 040 | _cceme | ||
| 082 | _a621.31 GUP | ||
| 100 |
_aGupta, J.B _93449 |
||
| 245 | _aTransmission and distribution of electrical power | ||
| 260 |
_aNEW DELHI _bS.K. KATARIA & SONS _c2012 |
||
| 300 | _aX, 465P | ||
| 650 |
_aELECTRICAL POWER-TRANSMISSION AND DISTRIBUTION. _967981 |
||
| 942 |
_cBK _2ddc |
||
| 999 |
_c575652 _d575652 |
||